La Guerra infinita hegemonía y terror mundial /
Đã lưu trong:
| Tác giả chính: | |
|---|---|
| Nhiều tác giả của công ty: | , |
| Tác giả khác: | |
| Định dạng: | Texto |
| Được phát hành: |
Buenos Aires:
CLACSO. ASDI
|
| Những chủ đề: | |
| Các nhãn: |
Thêm thẻ
Không có thẻ, Là người đầu tiên thẻ bản ghi này!
|
MARC
| LEADER | 00000 a a2200000 04500 | ||
|---|---|---|---|
| 001 | 27256 | ||
| 003 | |||
| 040 | |||
| 090 | |a 184201 | ||
| 100 | |a Ceceña, Ana Esther | ||
| 110 | |a Consejo Latinoamericano de Ciencias Sociales | ||
| 245 | |a La Guerra infinita hegemonía y terror mundial / |c Consejo Latinoamericano de Ciencias Sociales | ||
| 260 | |a Buenos Aires: |b CLACSO. ASDI | ||
| 300 | |a 279 p |b **no definido** |b fonodiscos | ||
| 500 | |a Disponible en Cd, en No.194112 | ||
| 650 | |a RECESION ECONOMICA | ||
| 650 | |a INDICADORES ECONOMICOS | ||
| 650 | |a CRECIMIENTO ECONOMICO | ||
| 650 | |a TERRORISMO | ||
| 650 | |a INDICADORES ECONOMICOS | ||
| 700 | |a coord |a Sader, Emir |a coord |a Búfalo, Enzo del |a Estay, Jaime |a Arceo, Enrique |a Ornelas, Raúl |a Gambina, Julio |a Holloway, John |a Leff, Enrique |a Porto Goncalves, Carlos Walter |a Gómez, José María | ||
| 710 | |a Agencia Sueca de Desarrollo Internacional | ||
| 999 | |c 7856 |d 7856 | ||
